| 000 | 00452cam a2200169ua 4500 | ||
|---|---|---|---|
| 020 | _cE.38.00 | ||
| 041 |
_aeng _h |
||
| 082 |
_a621.816 _bCOL/ME |
||
| 100 | _aCollacott, R.A. | ||
| 245 |
_aMechanical fault diagnostic and and condition monitoring / _cR.A Collacott. _hTextual Documents |
||
| 260 |
_aLondon : _bChapman and Hall Ltd , _c1977. |
||
| 300 | _a479 ; . | ||
| 365 | _aE.38.00 | ||
| 504 | _a | ||
| 942 | _cBK | ||
| 999 |
_c1477 _d1477 |
||